| 000 | 01715nam a2200361 i 4500 | ||
|---|---|---|---|
| 001 | 77117 | ||
| 003 | BD-RjUL | ||
| 005 | 20211209082928.0 | ||
| 008 | 200226s1951 enkaf 000 0 eng d | ||
| 035 | _a(BD-RjUL)77341 | ||
| 040 |
_beng _erda _dUkOxU _aBD-RjUL _cBD-RjUL |
||
| 041 | _aeng | ||
| 082 |
_223 _a746.3 _bDIF 1951 |
||
| 245 | 0 | 0 |
_aFrench tapestries : _bfrom the fourteenth to the eighteenth centuries / _cwith an introduction and notes on the plates by George Wingfield Digby. |
| 264 | 1 |
_aLondon : _bB. T. Batsford Ltd, _c1951. |
|
| 300 |
_a12 pages, 16 leaves of plates (colour) : _bcolour frontispiece, illustrations ; _c24 cm |
||
| 336 |
_atext _2rdacontent |
||
| 337 |
_aunmediated _2rdamedia |
||
| 338 |
_avolume _2rdacarrier |
||
| 490 | 1 |
_aBatsford colour books ; _v6 |
|
| 500 | _aIncludes a series title page: French tapestries / Batsford colour books. | ||
| 500 | _a"It is our intention, in this new series, to make available to the public at a moderate price a varied selection of the comparatively little known wealth of beautiful colour illustration in the drawings, aquatints, lithographs and other prints of the 18th and 19th centuries" -- Inside of back dust jacket cover. | ||
| 500 | _aSacheverell Sitwell is general editor of the first series of Batsford colour books. | ||
| 650 | 0 |
_aTapestry _zFrance. _9239806 |
|
| 700 | 1 |
_aDigby, George Wingfield, _d1911-1989, _9239810 |
|
| 700 | 1 |
_aSitwell, Sacheverell, _d1897-1988, _9239811 |
|
| 830 | 0 |
_aBatsford colour books ; _v6. _9239812 |
|
| 942 |
_2ddc _cBK |
||
| 999 |
_c77117 _d77117 |
||